| 000 | 00577nam a2200193 4500 | ||
|---|---|---|---|
| 003 | DO-SdBNP | ||
| 005 | 20180209104239.0 | ||
| 008 | 180209b 2006 xx 00| 0 spa d | ||
| 020 | _a0888507992 | ||
| 040 |
_aBPMSU _bspa _cBPMSU |
||
| 110 | _a | ||
| 245 |
_aThe ulimate christmas : _bover 240 projects to help you make, bake and decorate everything for christmas! |
||
| 260 |
_aChina : _bReaders Digest, _c2006 |
||
| 300 |
_a288 p. : _bil. ; _c30 cm. |
||
| 910 | _a | ||
| 942 |
_2ddc _cBK |
||
| 945 | _a Inventariado extranjero / 2018 VM | ||
| 956 |
_aVMATEO _b10 _c20180209 _dBPMUSU _f0069 |
||
| 999 |
_c13278 _d13278 |
||